Vùng đất Nam bộ Tập VII Đặc trưng tín ngưỡng, tôn giáo và sinh hoạt văn hóa
Vùng đất Nam bộ tập 7, gồm 4 chương: Chương 1: Cơ sở lý luận và tổng quan về vùng đất, cong người Nam Bộ. Chương 2: Tín ngưỡng, tôn giáo và đặc trưng tính ngưỡng, tôn giáo của cư dân Nam bộ. Chương 3: Sinh hoạt văn hóa và đặc trưng sinh...
Na minha lista:
| Autor principal: | |
|---|---|
| Outros Autores: | , |
| Formato: | Livro |
| Idioma: | Vietnamese |
| Publicado em: |
H.
Chính trị Quốc gia Sự thật
2017
|
| Assuntos: | |
| Tags: |
Adicionar Tag
Sem tags, seja o primeiro a adicionar uma tag!
|
| Thư viện lưu trữ: | Thư viện Trường Đại học Nam Cần Thơ |
|---|
| LEADER | 01650nam a22002297a 4500 | ||
|---|---|---|---|
| 001 | NCT_37315 | ||
| 008 | 180528b xxu||||| |||| 00| 0 vie d | ||
| 999 | |c 1802 |d 1802 | ||
| 020 | |a 9786045732120 |c 2000000 | ||
| 082 | 0 | 4 | |2 23rd ed. |a 959.77 |b L250/T.7 |
| 100 | 1 | |a Ngô Văn Lệ |e Chủ biên | |
| 245 | 1 | 0 | |a Vùng đất Nam bộ |n Tập VII |p Đặc trưng tín ngưỡng, tôn giáo và sinh hoạt văn hóa |c Ngô Văn Lệ |
| 260 | |a H. |b Chính trị Quốc gia Sự thật |c 2017 | ||
| 300 | |a 551 tr. |b Bảng |c 24cm | ||
| 520 | 3 | |a Vùng đất Nam bộ tập 7, gồm 4 chương: Chương 1: Cơ sở lý luận và tổng quan về vùng đất, cong người Nam Bộ. Chương 2: Tín ngưỡng, tôn giáo và đặc trưng tính ngưỡng, tôn giáo của cư dân Nam bộ. Chương 3: Sinh hoạt văn hóa và đặc trưng sinh hoạt văn háo của cư dân Nam Bộ. Chương 4: Tín ngưỡng tôn giáo và sinh hoạt văn hóa của cư dân Nam Bộ trong quá trình phát triển. | |
| 653 | |a kinh tế chính trị | ||
| 700 | 1 | |a Huỳnh Ngọc Thu |e Biên soạn | |
| 700 | 1 | |a Phan An |e Biên soạn | |
| 942 | |2 ddc |c BK | ||
| 952 | |0 0 |1 0 |2 ddc |4 0 |6 959_770000000000000_L250_T_7 |7 0 |9 8950 |a 000001 |b 000001 |d 2018-05-28 |o 959.77 L250/T.7 |p MD.12147 |r 2018-05-28 |v 999999.99 |w 2018-05-28 |y BK | ||
| 952 | |0 0 |1 0 |2 ddc |4 0 |6 959_770000000000000_L250_T_7 |7 0 |9 8951 |a 000001 |b 000001 |d 2018-05-28 |o 959.77 L250/T.7 |p MD.11348 |r 2018-05-28 |v 999999.99 |w 2018-05-28 |y BK | ||
| 980 | |a Thư viện Trường Đại học Nam Cần Thơ | ||


